000 00721nam a2200217 a 4500
001 BRCA_5801
005 20190320205223.0
008 100311t1936----mx-######w---a000-0#spa-#
041 _aspa
044 _amx
050 4 _aHG2712
_b.B36
_c1936
245 1 0 _aLey Orgánica del Banco de México: Reformas a la Ley Monetaria y a la Ley General de Instituciones de Crédito.
_nBanco de México.
260 _aMéxico
_bCultura
_c1936
300 _a159 p.
_c23 cm.
500 _aComentario de Eduardo Suárez, secretario de Hacienda y Crédito Público; índice.
500 _aH89
650 1 4 _aDerecho bancario
_zMéxico
_914702
650 1 4 _aBancos
_xLeyes y reglamentos
_zMéxico
_914703
902 _aGFM
942 _2lcc
_cB
999 _c5490
_d5490